For Nelson Mandela /

Bibliographic Details
Other Authors: Mandela, Nelson, 1918-2013, Derrida, Jacques, Tlili, Mustapha, 1937-
Format: Book
Language:English
Published: New York : Seaver Books, [1987]
Edition:1st ed.
Subjects:

MARC

Tag First Indicator Second Indicator Subfields
LEADER 00000cam a2200000 a 4500
001 in00000597721
005 20151014094803.0
008 870507s1987 nyu 01000 eng
010 |a  87014379  
020 |a 0805005811 
035 |a (OCoLC)16003923 
035 |9 ACR2002AM 
040 |a DLC  |c DLC  |d TXA  |d UtOrBLW 
043 |a f-sa--- 
049 |a TXAM  |c [A11010081] 
050 0 0 |a PN6071.A77  |b F67 1987 
082 0 |a 808.8/0358  |2 19 
245 0 0 |a For Nelson Mandela /  |c edited by Jacques Derrida, Mustapha Tlili. 
250 |a 1st ed. 
264 1 |a New York :  |b Seaver Books,  |c [1987] 
264 4 |c ©1987 
300 |a xv, 256 pages ;  |c 22 cm. 
336 |a text  |b txt  |2 rdacontent 
337 |a unmediated  |b n  |2 rdamedia 
338 |a volume  |b nc  |2 rdacarrier 
500 |a "Portions of this book were originally published in France by Editions Gallimard under the title Pour Nelson Mandela"--Title page verso. 
600 1 0 |a Mandela, Nelson,  |d 1918-2013  |x Literary collections. 
650 0 |a Apartheid  |z South Africa  |x Literary collections. 
650 0 |a Literature, Modern  |y 20th century  |x Translations into English. 
650 0 |a English literature  |y 20th century. 
700 1 |a Mandela, Nelson,  |d 1918-2013. 
700 1 |a Derrida, Jacques. 
700 1 |a Tlili, Mustapha,  |d 1937- 
740 0 |a Pour Nelson Mandela. 
999 |a MARS 
999 f f |s ecbc9050-1040-3388-aae8-a6f06f0b7460  |i 20ff4f3b-c322-3e09-9842-aa1c93ede2b5  |t 0 
952 f f |p ric  |a Texas A&M University  |b Rellis Campus  |c Joint Library Facility  |d Remote Storage  |t 0  |e PN6071.A77 F67 1987  |h Library of Congress classification  |i unmediated -- volume  |m A14811010081 
998 f f |a PN6071.A77 F67 1987  |t 0  |l Remote Storage